[Event "Team Championship Russia (Blitz, Men)"]
[Site "Sochi"]
[Date "2018.10.10"]
[Round "12.34"]
[White "Nechaev, Oleg"]
[Black "Dulenko, Maxim"]
[Result "1-0"]
[BlackElo "2237"]
[WhiteElo "2327"]
[LiveChessVersion "1.4.8"]

1. c4 {[%clk 0:02:59]} e5 {[%clk 0:03:03]} 2. g3 {[%clk 0:03:00]} Nf6
{[%clk 0:03:04]} 3. Bg2 {[%clk 0:03:01]} c6 {[%clk 0:03:05]} 4. Nf3
{[%clk 0:02:59]} Bd6 {[%clk 0:03:05]} 5. O-O {[%clk 0:02:56]} O-O
{[%clk 0:03:05]} 6. Nc3 {[%clk 0:02:50]} Re8 {[%clk 0:03:06]} 7. b3
{[%clk 0:02:45]} Bf8 {[%clk 0:02:58]} 8. Bb2 {[%clk 0:02:44]} d5 {[%clk 0:02:58]}
9. cxd5 {[%clk 0:02:41]} cxd5 {[%clk 0:02:59]} 10. d4 {[%clk 0:02:31]} e4
{[%clk 0:03:00]} 11. Ne5 {[%clk 0:02:32]} Nc6 {[%clk 0:02:46]} 12. Nxc6
{[%clk 0:02:30]} bxc6 {[%clk 0:02:47]} 13. Na4 {[%clk 0:02:25]} e3
{[%clk 0:02:41]} 14. f3 {[%clk 0:02:22]} h5 {[%clk 0:02:33]} 15. Qc2
{[%clk 0:02:12]} Bd7 {[%clk 0:02:22]} 16. Nc5 {[%clk 0:02:10]} h4
{[%clk 0:02:22]} 17. Rac1 {[%clk 0:01:51]} hxg3 {[%clk 0:02:21]} 18. hxg3
{[%clk 0:01:52]} Rc8 {[%clk 0:02:19]} 19. Nxd7 {[%clk 0:01:32]} Qxd7
{[%clk 0:02:18]} 20. Kh2 {[%clk 0:01:20]} Bd6 {[%clk 0:02:17]} 21. Bh3
{[%clk 0:01:20]} Qc7 22. Rg1 Rcd8 {[%clk 0:01:40]} 23. Qf5 {[%clk 0:01:23]} Qa5
{[%clk 0:01:32]} 24. a4 {[%clk 0:01:12]} Qb6 {[%clk 0:01:29]} 25. Rc3
{[%clk 0:01:06]} c5 {[%clk 0:01:27]} 26. dxc5 {[%clk 0:01:06]} Bxc5
{[%clk 0:01:28]} 27. Rxc5 {[%clk 0:01:06]} Qxc5 {[%clk 0:01:29]} 28. Bxf6
{[%clk 0:01:06]} gxf6 {[%clk 0:01:30]} 29. Qxf6 {[%clk 0:01:07]} Rd6
{[%clk 0:01:18]} 30. Qf4 {[%clk 0:01:03]} d4 {[%clk 0:01:16]} 31. Bf5
{[%clk 0:01:02]} Qe5 {[%clk 0:00:49]} 32. Qg4+ {[%clk 0:00:59]} Qg7
{[%clk 0:00:49]} 33. Qf4 {[%clk 0:00:57]} Rf6 {[%clk 0:00:47]} 34. g4
{[%clk 0:00:55]} Qh6+ 35. Qxh6 {[%clk 0:00:56]} Rxh6+ {[%clk 0:00:49]} 36. Kg3
{[%clk 0:00:55]} Rc6 {[%clk 0:00:48]} 37. Rd1 {[%clk 0:00:52]} Rc3
{[%clk 0:00:47]} 38. Rxd4 {[%clk 0:00:50]} Rxb3 {[%clk 0:00:48]} 39. Rd7
{[%clk 0:00:50]} a6 {[%clk 0:00:45]} 40. f4 {[%clk 0:00:44]} Ra3 {[%clk 0:00:45]}
41. Bc2 {[%clk 0:00:41]} Ra2 {[%clk 0:00:46]} 42. Bb3 {[%clk 0:00:34]} Rxe2
{[%clk 0:00:43]} 43. Bxf7+ {[%clk 0:00:36]} Kf8 {[%clk 0:00:45]} 44. Bxe8
{[%clk 0:00:36]} Kxe8 {[%clk 0:00:46]} 45. Kf3 {[%clk 0:00:37]} Ra2
{[%clk 0:00:45]} 46. Rd4 {[%clk 0:00:33]} e2 {[%clk 0:00:43]} 47. Re4+
{[%clk 0:00:33]} Kf7 {[%clk 0:00:45]} 48. Rxe2 {[%clk 0:00:31]} Ra3+
{[%clk 0:00:45]} 49. Re3 {[%clk 0:00:26]} Rxa4 {[%clk 0:00:47]} 50. g5
{[%clk 0:00:27]} a5 {[%clk 0:00:45]} 51. Kg4 {[%clk 0:00:28]} Rc4
{[%clk 0:00:46]} 52. Rb3 {[%clk 0:00:29]} a4 {[%clk 0:00:47]} 53. Rb7+
{[%clk 0:00:30]} Kg6 {[%clk 0:00:48]} 54. Rb6+ {[%clk 0:00:30]} Kg7
{[%clk 0:00:49]} 55. Ra6 {[%clk 0:00:32]} Rb4 {[%clk 0:00:50]} 56. Kg3
{[%clk 0:00:28]} Rb3+ {[%clk 0:00:48]} 57. Kg4 {[%clk 0:00:29]} Rb4
{[%clk 0:00:49]} 58. Ra5 {[%clk 0:00:24]} Kg6 {[%clk 0:00:45]} 59. Ra6+
{[%clk 0:00:25]} Kg7 {[%clk 0:00:46]} 60. Rf6 {[%clk 0:00:26]} a3
{[%clk 0:00:22]} 61. Ra6 {[%clk 0:00:27]} Rb3 {[%clk 0:00:23]} 62. Ra7+
{[%clk 0:00:29]} Kg8 {[%clk 0:00:21]} 63. g6 {[%clk 0:00:30]} Rb6
{[%clk 0:00:18]} 64. Kg5 {[%clk 0:00:29]} Rb5+ {[%clk 0:00:18]} 65. f5
{[%clk 0:00:30]} Rb3 {[%clk 0:00:19]} 66. f6 {[%clk 0:00:31]} Rb5+
{[%clk 0:00:18]} 67. Kf4 {[%clk 0:00:32]} Rb4+ {[%clk 0:00:19]} 68. Ke5
{[%clk 0:00:33]} 1-0

[Event "Team Championship Russia (Blitz, Men)"]
[Site "Sochi"]
[Date "2018.10.10"]
[Round "13.1"]
[White "Triapishko, Alexandr"]
[Black "Dubov, Daniil"]
[Result "1-0"]
[BlackElo "2706"]
[WhiteElo "2560"]
[LiveChessVersion "1.4.8"]

1. e4 {[%clk 0:03:02]} c5 {[%clk 0:03:01]} 2. Nf3 {[%clk 0:03:03]} e6
{[%clk 0:03:02]} 3. d4 {[%clk 0:03:04]} cxd4 {[%clk 0:03:03]} 4. Nxd4
{[%clk 0:03:05]} a6 {[%clk 0:03:05]} 5. c4 {[%clk 0:03:05]} Qc7 {[%clk 0:03:06]}
6. Nc3 {[%clk 0:03:06]} Nf6 {[%clk 0:03:07]} 7. a3 {[%clk 0:03:06]} b6
{[%clk 0:03:08]} 8. f3 {[%clk 0:03:06]} Bb7 {[%clk 0:03:09]} 9. Be3
{[%clk 0:03:07]} Nc6 {[%clk 0:03:07]} 10. Rc1 {[%clk 0:03:05]} Nxd4
{[%clk 0:03:06]} 11. Bxd4 {[%clk 0:02:52]} Bd6 {[%clk 0:03:07]} 12. g3
{[%clk 0:02:31]} h5 {[%clk 0:03:07]} 13. Qd2 {[%clk 0:02:24]} h4 {[%clk 0:02:57]}
14. g4 {[%clk 0:02:22]} Bf4 {[%clk 0:02:42]} 15. Be3 {[%clk 0:02:22]} Bxe3
{[%clk 0:02:40]} 16. Qxe3 {[%clk 0:02:23]} Qc5 {[%clk 0:02:41]} 17. Kf2
{[%clk 0:02:13]} Bc6 {[%clk 0:02:41]} 18. Qxc5 {[%clk 0:01:56]} bxc5
{[%clk 0:02:42]} 19. b4 {[%clk 0:01:56]} d6 {[%clk 0:02:34]} 20. Be2
{[%clk 0:01:49]} g5 {[%clk 0:02:32]} 21. Rhd1 {[%clk 0:01:19]} Ke7
{[%clk 0:02:31]} 22. Ke3 {[%clk 0:01:13]} Nd7 {[%clk 0:02:29]} 23. Rd2
{[%clk 0:00:54]} Ne5 {[%clk 0:02:16]} 24. Rcd1 {[%clk 0:00:48]} Rhd8
{[%clk 0:02:05]} 25. bxc5 {[%clk 0:00:41]} dxc5 {[%clk 0:02:05]} 26. Rxd8
{[%clk 0:00:41]} Rxd8 {[%clk 0:02:06]} 27. Rxd8 {[%clk 0:00:42]} Kxd8
{[%clk 0:02:06]} 28. f4 {[%clk 0:00:43]} gxf4+ {[%clk 0:02:01]} 29. Kxf4
{[%clk 0:00:44]} f6 {[%clk 0:02:01]} 30. g5 {[%clk 0:00:41]} Ke7 {[%clk 0:02:03]}
31. Bf1 {[%clk 0:00:25]} Bd7 {[%clk 0:01:24]} 32. Nd1 {[%clk 0:00:11]} Bc6
{[%clk 0:00:51]} 33. Nf2 {[%clk 0:00:10]} Ng6+ 34. Kg4 Kf7 {[%clk 0:00:26]} 35.
Be2 {[%clk 0:00:08]} Kg7 {[%clk 0:00:27]} 36. h3 {[%clk 0:00:06]} e5
{[%clk 0:00:28]} 37. gxf6+ Kxf6 {[%clk 0:00:29]} 38. Bf1 {[%clk 0:00:04]} Be8
{[%clk 0:00:12]} 39. Kh5 {[%clk 0:00:03]} Bd7 {[%clk 0:00:06]} 40. Ng4+
{[%clk 0:00:04]} Kg7 {[%clk 0:00:05]} 41. Kg5 {[%clk 0:00:04]} Bc6
{[%clk 0:00:06]} 42. Nf6 {[%clk 0:00:04]} Nf4 {[%clk 0:00:06]} 43. Kf5
{[%clk 0:00:04]} Kf7 {[%clk 0:00:05]} 44. Kxe5 {[%clk 0:00:04]} Ng6+
{[%clk 0:00:06]} 45. Kf5 {[%clk 0:00:05]} Ne7+ 46. Kg5 Ke6 {[%clk 0:00:07]} 47.
Nd5 {[%clk 0:00:07]} Nc8 {[%clk 0:00:04]} 48. Kxh4 {[%clk 0:00:07]} Nd6
{[%clk 0:00:06]} 49. Nc7+ Ke5 50. Nxa6 {[%clk 0:00:07]} Nxe4 {[%clk 0:00:08]} 51.
Bd3 {[%clk 0:00:06]} Nf2 {[%clk 0:00:07]} 52. Bf1 {[%clk 0:00:07]} Kd6
{[%clk 0:00:08]} 53. Kg5 {[%clk 0:00:06]} Bb7 {[%clk 0:00:09]} 54. Nxc5
{[%clk 0:00:06]} Kxc5 55. h4 Ne4+ {[%clk 0:00:11]} 56. Kf4 {[%clk 0:00:08]} Nf6
{[%clk 0:00:08]} 57. Kf5 {[%clk 0:00:09]} Ne4 {[%clk 0:00:08]} 58. Kf4
{[%clk 0:00:09]} Nf6 {[%clk 0:00:09]} 59. Ke5 {[%clk 0:00:09]} Ng4+ 60. Kf4 Nf6
{[%clk 0:00:10]} 61. Be2 {[%clk 0:00:11]} Bc8 {[%clk 0:00:06]} 62. Ke5
{[%clk 0:00:12]} Ng4+ {[%clk 0:00:07]} 63. Kf4 {[%clk 0:00:12]} Nf6
{[%clk 0:00:08]} 64. Kg5 {[%clk 0:00:11]} Ne4+ {[%clk 0:00:08]} 65. Kf4
{[%clk 0:00:09]} Nf6 {[%clk 0:00:09]} 66. a4 {[%clk 0:00:09]} Kb4
{[%clk 0:00:04]} 67. Ke5 {[%clk 0:00:09]} Nd7+ {[%clk 0:00:04]} 68. Kd6
{[%clk 0:00:08]} Nc5 {[%clk 0:00:05]} 69. a5 {[%clk 0:00:06]} Bf5
{[%clk 0:00:05]} 70. Ke5 {[%clk 0:00:07]} Bc2 {[%clk 0:00:04]} 71. h5
{[%clk 0:00:06]} Kxa5 {[%clk 0:00:04]} 72. h6 {[%clk 0:00:06]} Kb6
{[%clk 0:00:04]} 73. Bh5 {[%clk 0:00:07]} Kc7 {[%clk 0:00:05]} 74. Bg4
{[%clk 0:00:05]} Nd7+ {[%clk 0:00:04]} 75. Ke6 {[%clk 0:00:05]} Nc5+
{[%clk 0:00:04]} 76. Kf6 {[%clk 0:00:05]} Ne4+ {[%clk 0:00:05]} 77. Ke5
{[%clk 0:00:05]} Ng5 {[%clk 0:00:05]} 78. Kf6 {[%clk 0:00:05]} Nh7+
{[%clk 0:00:06]} 79. Kg7 {[%clk 0:00:07]} Ng5 {[%clk 0:00:07]} 80. Kf6
{[%clk 0:00:08]} Nh7+ {[%clk 0:00:08]} 81. Ke5 {[%clk 0:00:08]} Bd3
{[%clk 0:00:06]} 82. c5 {[%clk 0:00:07]} Ng5 {[%clk 0:00:06]} 83. Bf5
{[%clk 0:00:08]} Nf7+ {[%clk 0:00:06]} 84. Kf4 {[%clk 0:00:09]} Bxf5 1-0

[Event "Team Championship Russia (Blitz, Men)"]
[Site "Sochi"]
[Date "2018.10.10"]
[Round "13.2"]
[White "Savchenko, Boris"]
[Black "Jary, Sergey"]
[Result "0-1"]
[BlackElo "2305"]
[WhiteElo "2657"]
[LiveChessVersion "1.4.8"]

1. e4 {[%clk 0:03:03]} g6 {[%clk 0:03:03]} 2. h4 {[%clk 0:03:03]} h5
{[%clk 0:03:04]} 3. d4 {[%clk 0:03:04]} Bg7 {[%clk 0:03:05]} 4. Nh3
{[%clk 0:03:05]} c5 {[%clk 0:03:04]} 5. dxc5 {[%clk 0:03:05]} Qa5+
{[%clk 0:03:05]} 6. c3 {[%clk 0:03:05]} Qxc5 {[%clk 0:03:06]} 7. Na3
{[%clk 0:03:06]} Nf6 {[%clk 0:02:57]} 8. Nb5 {[%clk 0:03:05]} Na6
{[%clk 0:02:38]} 9. Be3 {[%clk 0:03:01]} Qe5 {[%clk 0:02:33]} 10. Ng5
{[%clk 0:02:34]} O-O {[%clk 0:02:20]} 11. Bd4 {[%clk 0:01:51]} Qb8
{[%clk 0:02:16]} 12. Bc4 {[%clk 0:01:51]} d5 {[%clk 0:01:46]} 13. exd5
{[%clk 0:01:45]} Bd7 {[%clk 0:01:46]} 14. a4 {[%clk 0:01:41]} Nc7
{[%clk 0:01:32]} 15. Be5 {[%clk 0:01:41]} Bxb5 {[%clk 0:01:33]} 16. axb5
{[%clk 0:01:42]} Qd8 {[%clk 0:01:29]} 17. Rxa7 {[%clk 0:01:34]} Rxa7
{[%clk 0:01:14]} 18. b6 {[%clk 0:01:35]} Ra8 {[%clk 0:01:10]} 19. bxc7
{[%clk 0:01:35]} Qd7 {[%clk 0:01:11]} 20. Qd4 {[%clk 0:01:33]} Ra1+
{[%clk 0:01:04]} 21. Kd2 {[%clk 0:01:32]} Rxh1 {[%clk 0:01:00]} 22. d6
{[%clk 0:01:32]} exd6 {[%clk 0:00:26]} 23. Bxf6 {[%clk 0:01:32]} Rxh4
{[%clk 0:00:25]} 24. Qxh4 {[%clk 0:01:11]} Bxf6 {[%clk 0:00:26]} 25. Qe4
{[%clk 0:01:11]} Bxg5+ {[%clk 0:00:26]} 0-1

[Event "Team Championship Russia (Blitz, Men)"]
[Site "Sochi"]
[Date "2018.10.10"]
[Round "13.4"]
[White "Indjic, Aleksandar"]
[Black "Derjabin, Ilja"]
[Result "1-0"]
[BlackElo "2356"]
[WhiteElo "2606"]
[LiveChessVersion "1.4.8"]

1. d4 {[%clk 0:03:01]} Nf6 {[%clk 0:03:04]} 2. Nf3 {[%clk 0:03:01]} d6
{[%clk 0:03:05]} 3. c4 {[%clk 0:03:00]} Bf5 {[%clk 0:03:06]} 4. Nc3
{[%clk 0:02:56]} Nbd7 {[%clk 0:03:04]} 5. Nh4 {[%clk 0:02:44]} Bg4
{[%clk 0:03:05]} 6. h3 {[%clk 0:02:45]} Bh5 {[%clk 0:03:06]} 7. g4
{[%clk 0:02:46]} Bg6 {[%clk 0:03:08]} 8. Bg2 {[%clk 0:02:45]} c6 {[%clk 0:02:56]}
9. g5 {[%clk 0:02:43]} Nh5 {[%clk 0:02:51]} 10. d5 {[%clk 0:02:33]} c5
{[%clk 0:02:45]} 11. Nxg6 {[%clk 0:02:32]} hxg6 {[%clk 0:02:46]} 12. h4
{[%clk 0:02:33]} 1-0

[Event "Team Championship Russia (Blitz, Men)"]
[Site "Sochi"]
[Date "2018.10.10"]
[Round "13.5"]
[White "Rakhmanov, Aleksandr"]
[Black "Zvjaginsev, Vadim"]
[Result "1-0"]
[BlackElo "2669"]
[WhiteElo "2578"]
[LiveChessVersion "1.4.8"]

1. c4 {[%clk 0:03:03]} g6 {[%clk 0:03:03]} 2. Nc3 {[%clk 0:03:04]} Bg7
{[%clk 0:03:04]} 3. g3 {[%clk 0:03:05]} c5 {[%clk 0:03:03]} 4. Bg2
{[%clk 0:03:06]} Nc6 {[%clk 0:03:03]} 5. Nh3 {[%clk 0:03:07]} e6 {[%clk 0:03:01]}
6. Nf4 {[%clk 0:03:07]} Nf6 {[%clk 0:02:56]} 7. h4 {[%clk 0:03:03]} h5
{[%clk 0:02:55]} 8. d3 {[%clk 0:03:04]} b6 {[%clk 0:02:53]} 9. Qd2
{[%clk 0:02:45]} Bb7 {[%clk 0:02:44]} 10. b3 {[%clk 0:02:46]} Qb8
{[%clk 0:02:35]} 11. Bb2 {[%clk 0:02:45]} Nd4 {[%clk 0:02:30]} 12. Ne4
{[%clk 0:02:38]} Nxe4 {[%clk 0:02:18]} 13. dxe4 {[%clk 0:02:39]} Be5
{[%clk 0:01:36]} 14. Nd3 {[%clk 0:02:30]} Bxg3 {[%clk 0:00:56]} 15. fxg3
{[%clk 0:02:31]} Qxg3+ {[%clk 0:00:57]} 16. Kf1 {[%clk 0:02:32]} O-O-O
{[%clk 0:00:52]} 17. e3 {[%clk 0:01:49]} f5 {[%clk 0:00:53]} 18. Rh3
{[%clk 0:01:38]} Nf3 {[%clk 0:00:40]} 19. Rxg3 {[%clk 0:01:07]} Nxd2+
{[%clk 0:00:41]} 20. Ke1 {[%clk 0:00:37]} Nxe4 {[%clk 0:00:40]} 21. Bxe4
{[%clk 0:00:38]} fxe4 {[%clk 0:00:40]} 22. Bxh8 {[%clk 0:00:38]} exd3
{[%clk 0:00:40]} 23. Bf6 {[%clk 0:00:39]} Rg8 {[%clk 0:00:33]} 24. Kd2
{[%clk 0:00:34]} Be4 {[%clk 0:00:34]} 25. Rf1 {[%clk 0:00:36]} d5
{[%clk 0:00:35]} 26. cxd5 {[%clk 0:00:30]} exd5 {[%clk 0:00:36]} 27. Bb2
{[%clk 0:00:24]} Kb7 {[%clk 0:00:36]} 28. Rf7+ Ka6 29. Rg5 {[%clk 0:00:23]} Rc8
{[%clk 0:00:34]} 30. Re5 {[%clk 0:00:22]} c4 {[%clk 0:00:35]} 31. Bc3
{[%clk 0:00:15]} cxb3 {[%clk 0:00:27]} 32. axb3 {[%clk 0:00:16]} 1-0

[Event "Team Championship Russia (Blitz, Men)"]
[Site "Sochi"]
[Date "2018.10.10"]
[Round "13.6"]
[White "Kobalia, Mikhail"]
[Black "Rozum, Ivan"]
[Result "0-1"]
[BlackElo "2595"]
[WhiteElo "2492"]
[LiveChessVersion "1.4.8"]

1. e4 {[%clk 0:03:03]} g6 {[%clk 0:03:03]} 2. d4 {[%clk 0:03:03]} Bg7
{[%clk 0:03:04]} 3. Nf3 {[%clk 0:03:04]} d6 {[%clk 0:03:06]} 4. Bc4
{[%clk 0:03:05]} Nf6 {[%clk 0:03:01]} 5. Qe2 {[%clk 0:03:07]} c6 {[%clk 0:02:44]}
6. Bb3 {[%clk 0:03:07]} O-O {[%clk 0:02:42]} 7. O-O {[%clk 0:03:07]} Bg4
{[%clk 0:02:43]} 8. Nbd2 {[%clk 0:03:08]} e5 {[%clk 0:02:39]} 9. dxe5
{[%clk 0:03:07]} dxe5 10. h3 Bxf3 {[%clk 0:02:41]} 11. Nxf3 {[%clk 0:03:10]} Nbd7
{[%clk 0:02:42]} 12. a4 {[%clk 0:03:05]} Qe7 {[%clk 0:02:41]} 13. c3
{[%clk 0:03:03]} Nc5 {[%clk 0:02:39]} 14. Bc2 {[%clk 0:03:04]} a5
{[%clk 0:02:40]} 15. Nd2 {[%clk 0:03:01]} Rfd8 {[%clk 0:02:29]} 16. Nc4
{[%clk 0:03:02]} b5 {[%clk 0:02:24]} 17. axb5 {[%clk 0:02:55]} cxb5
{[%clk 0:02:25]} 18. Nxa5 {[%clk 0:02:54]} Qc7 {[%clk 0:02:17]} 19. b4
{[%clk 0:02:50]} Ne6 {[%clk 0:02:18]} 20. Bb3 {[%clk 0:02:37]} Qxc3
{[%clk 0:02:11]} 21. Be3 {[%clk 0:02:05]} Qxb4 {[%clk 0:01:53]} 22. Bxe6
{[%clk 0:01:40]} Rxa5 {[%clk 0:01:47]} 23. Bb6 {[%clk 0:01:03]} Rxa1
{[%clk 0:01:45]} 24. Rxa1 {[%clk 0:01:04]} Rd6 {[%clk 0:01:16]} 25. Ra8+
{[%clk 0:01:01]} Bf8 {[%clk 0:01:18]} 26. Bc7 {[%clk 0:00:30]} Rxe6
{[%clk 0:01:17]} 27. Qe3 {[%clk 0:00:28]} Qxe4 {[%clk 0:00:53]} 28. Qb3
{[%clk 0:00:21]} Qxa8 {[%clk 0:00:53]} 0-1

[Event "Team Championship Russia (Blitz, Men)"]
[Site "Sochi"]
[Date "2018.10.10"]
[Round "13.7"]
[White "Moiseenko, Vadim"]
[Black "Malakhov, Vladimir"]
[Result "1/2-1/2"]
[BlackElo "2630"]
[WhiteElo "2421"]
[LiveChessVersion "1.4.8"]

1. Nf3 {[%clk 0:03:03]} d5 {[%clk 0:03:04]} 2. b3 {[%clk 0:03:04]} c6
{[%clk 0:03:02]} 3. Bb2 {[%clk 0:03:05]} Bg4 {[%clk 0:03:01]} 4. e3
{[%clk 0:03:06]} Nd7 {[%clk 0:03:01]} 5. h3 {[%clk 0:03:07]} Bh5 {[%clk 0:03:00]}
6. Be2 {[%clk 0:03:08]} e6 {[%clk 0:02:58]} 7. d3 {[%clk 0:03:04]} Bxf3
{[%clk 0:02:49]} 8. Bxf3 {[%clk 0:03:04]} Ngf6 {[%clk 0:02:50]} 9. Nd2
{[%clk 0:03:05]} Bd6 {[%clk 0:02:51]} 10. O-O {[%clk 0:02:59]} O-O
{[%clk 0:02:51]} 11. a3 {[%clk 0:03:00]} Qc7 {[%clk 0:02:50]} 12. Be2
{[%clk 0:02:56]} Rad8 {[%clk 0:02:51]} 13. c4 {[%clk 0:02:57]} e5
{[%clk 0:02:36]} 14. Rc1 {[%clk 0:02:45]} Qb8 {[%clk 0:02:31]} 15. cxd5
{[%clk 0:02:38]} cxd5 {[%clk 0:02:32]} 16. b4 {[%clk 0:02:39]} b5
{[%clk 0:02:21]} 17. Nb3 {[%clk 0:02:37]} Nb6 {[%clk 0:02:20]} 18. Na5
{[%clk 0:02:35]} Rde8 {[%clk 0:01:45]} 19. d4 {[%clk 0:02:30]} Na4
{[%clk 0:01:38]} 20. Ba1 {[%clk 0:02:20]} e4 {[%clk 0:01:40]} 21. Rc6
{[%clk 0:02:09]} Re6 {[%clk 0:01:34]} 22. Qc2 {[%clk 0:02:04]} g6
{[%clk 0:01:02]} 23. Rc1 {[%clk 0:02:04]} Kg7 {[%clk 0:01:04]} 24. Kh1
{[%clk 0:01:38]} Ng8 {[%clk 0:01:05]} 25. Rc8 {[%clk 0:01:32]} Rxc8
{[%clk 0:01:06]} 26. Qxc8 {[%clk 0:01:33]} Qxc8 {[%clk 0:01:04]} 27. Rxc8
{[%clk 0:01:34]} a6 {[%clk 0:01:02]} 28. Bg4 {[%clk 0:01:11]} f5 {[%clk 0:01:00]}
29. Bd1 {[%clk 0:01:12]} Ne7 {[%clk 0:00:54]} 30. Ra8 {[%clk 0:01:11]} Bc7
{[%clk 0:00:52]} 31. Bxa4 {[%clk 0:01:09]} bxa4 {[%clk 0:00:53]} 32. Nb7
{[%clk 0:01:10]} Kf7 {[%clk 0:00:30]} 33. Nc5 {[%clk 0:01:09]} Rc6
{[%clk 0:00:31]} 34. Kg1 {[%clk 0:01:03]} Bd6 {[%clk 0:00:28]} 35. Kf1
{[%clk 0:01:00]} Nc8 {[%clk 0:00:25]} 36. Ke2 {[%clk 0:00:53]} Ke7
{[%clk 0:00:27]} 37. Kd2 {[%clk 0:00:51]} Nb6 {[%clk 0:00:28]} 38. Ra7+
{[%clk 0:00:49]} Ke8 {[%clk 0:00:26]} 39. Kd1 {[%clk 0:00:46]} Nc4
{[%clk 0:00:27]} 40. Nxa6 {[%clk 0:00:42]} Nxa3 {[%clk 0:00:26]} 41. Nc5
{[%clk 0:00:43]} Nb5 {[%clk 0:00:20]} 42. Rxa4 {[%clk 0:00:42]} Nc7
{[%clk 0:00:19]} 43. Kd2 {[%clk 0:00:39]} f4 {[%clk 0:00:20]} 44. Ra7
{[%clk 0:00:36]} fxe3+ {[%clk 0:00:19]} 45. fxe3 {[%clk 0:00:37]} Rb6
{[%clk 0:00:19]} 46. Bc3 {[%clk 0:00:38]} h5 {[%clk 0:00:13]} 47. Ra1
{[%clk 0:00:32]} Nb5 {[%clk 0:00:10]} 48. Ra8+ {[%clk 0:00:32]} Ke7
{[%clk 0:00:11]} 49. Rg8 {[%clk 0:00:28]} Kf7 {[%clk 0:00:12]} 50. Rd8
{[%clk 0:00:28]} Ke7 {[%clk 0:00:06]} 51. Rd7+ {[%clk 0:00:28]} Ke8
{[%clk 0:00:07]} 52. Rg7 {[%clk 0:00:28]} Be7 {[%clk 0:00:09]} 53. Bb2
{[%clk 0:00:20]} Rf6 {[%clk 0:00:09]} 54. Ke2 {[%clk 0:00:21]} Rb6
{[%clk 0:00:04]} 55. Rg8+ {[%clk 0:00:16]} Kf7 {[%clk 0:00:06]} 56. Rc8
{[%clk 0:00:16]} Nd6 {[%clk 0:00:07]} 57. Rc7 {[%clk 0:00:13]} Rxb4
{[%clk 0:00:08]} 58. Bc3 {[%clk 0:00:14]} Rc4 {[%clk 0:00:08]} 59. Bd2
{[%clk 0:00:14]} Ke8 {[%clk 0:00:09]} 60. Ra7 {[%clk 0:00:14]} 1/2-1/2

[Event "Team Championship Russia (Blitz, Men)"]
[Site "Sochi"]
[Date "2018.10.10"]
[Round "13.8"]
[White "Motylev, Alexander"]
[Black "Gogolev, Artem"]
[Result "1-0"]
[BlackElo "2360"]
[WhiteElo "2569"]
[LiveChessVersion "1.4.8"]

1. e4 {[%clk 0:03:03]} c5 {[%clk 0:03:01]} 2. Nf3 {[%clk 0:03:04]} Nf6
{[%clk 0:03:00]} 3. e5 {[%clk 0:03:05]} Nd5 {[%clk 0:03:01]} 4. Nc3
{[%clk 0:03:06]} Nxc3 {[%clk 0:03:02]} 5. dxc3 {[%clk 0:03:07]} Nc6
{[%clk 0:03:02]} 6. Bf4 {[%clk 0:02:56]} Qb6 {[%clk 0:03:02]} 7. Rb1
{[%clk 0:02:57]} Qc7 {[%clk 0:02:56]} 8. Bc4 {[%clk 0:02:58]} e6 {[%clk 0:02:55]}
9. O-O {[%clk 0:02:59]} h6 {[%clk 0:02:56]} 10. Re1 {[%clk 0:02:56]} b6
{[%clk 0:02:52]} 11. Nd2 {[%clk 0:02:57]} Bb7 {[%clk 0:02:07]} 12. Ne4
{[%clk 0:02:58]} O-O-O {[%clk 0:01:59]} 13. Nd6+ {[%clk 0:02:57]} Bxd6
{[%clk 0:02:00]} 14. exd6 {[%clk 0:02:58]} Qb8 {[%clk 0:02:00]} 15. b4
{[%clk 0:02:57]} cxb4 {[%clk 0:01:49]} 16. cxb4 {[%clk 0:02:58]} g5
{[%clk 0:01:50]} 17. Bg3 {[%clk 0:02:36]} h5 {[%clk 0:01:33]} 18. h3
{[%clk 0:02:30]} f5 {[%clk 0:01:28]} 19. b5 {[%clk 0:02:05]} Na5 {[%clk 0:01:23]}
20. Bf1 {[%clk 0:02:05]} f4 {[%clk 0:01:11]} 21. Bh2 {[%clk 0:02:06]} Qa8
{[%clk 0:00:39]} 22. Qd4 {[%clk 0:01:37]} Kb8 {[%clk 0:00:35]} 23. c4
{[%clk 0:01:31]} Rc8 {[%clk 0:00:33]} 24. c5 {[%clk 0:01:32]} Bd5
{[%clk 0:00:24]} 25. cxb6 {[%clk 0:01:27]} axb6 {[%clk 0:00:15]} 26. Qxb6+
{[%clk 0:01:27]} Nb7 {[%clk 0:00:16]} 27. a4 {[%clk 0:00:58]} Qa5
{[%clk 0:00:11]} 28. Qxa5 {[%clk 0:00:55]} Nxa5 {[%clk 0:00:12]} 29. h4
{[%clk 0:00:57]} f3 {[%clk 0:00:07]} 30. hxg5 {[%clk 0:00:57]} Rhg8
{[%clk 0:00:07]} 31. Bf4 {[%clk 0:00:53]} Rcf8 {[%clk 0:00:07]} 32. Be3
{[%clk 0:00:50]} fxg2 {[%clk 0:00:04]} 33. Bxg2 {[%clk 0:00:48]} Bxg2
{[%clk 0:00:04]} 34. Kxg2 {[%clk 0:00:49]} Rf5 {[%clk 0:00:05]} 35. Rb4
{[%clk 0:00:46]} Rd5 {[%clk 0:00:04]} 36. Rh1 {[%clk 0:00:43]} Kb7
{[%clk 0:00:03]} 37. Rxh5 {[%clk 0:00:39]} Rxd6 {[%clk 0:00:04]} 38. Rd4
{[%clk 0:00:38]} Rxd4 {[%clk 0:00:03]} 39. Bxd4 {[%clk 0:00:40]} Nb3
{[%clk 0:00:03]} 40. Be3 {[%clk 0:00:38]} d5 {[%clk 0:00:03]} 41. Rh4
{[%clk 0:00:38]} Kc7 {[%clk 0:00:03]} 42. Rb4 {[%clk 0:00:37]} Na5
{[%clk 0:00:04]} 43. Bf4+ {[%clk 0:00:34]} Kb6 {[%clk 0:00:04]} 44. Rb1
{[%clk 0:00:30]} Nc4 {[%clk 0:00:05]} 45. Re1 {[%clk 0:00:32]} Rg6
{[%clk 0:00:06]} 46. Kf3 {[%clk 0:00:30]} Ka5 {[%clk 0:00:06]} 47. Ra1
{[%clk 0:00:26]} e5 {[%clk 0:00:07]} 48. Bc1 {[%clk 0:00:25]} Nb6
{[%clk 0:00:06]} 49. Bd2# {[%clk 0:00:26]} 1-0

[Event "Team Championship Russia (Blitz, Men)"]
[Site "Sochi"]
[Date "2018.10.10"]
[Round "13.9"]
[White "Bocharov, Ivan"]
[Black "Rozhko, Dmitry"]
[Result "1-0"]
[BlackElo "2218"]
[WhiteElo "2667"]
[LiveChessVersion "1.4.8"]

1. e4 {[%clk 0:03:03]} c6 {[%clk 0:03:04]} 2. d4 {[%clk 0:03:04]} d5
{[%clk 0:03:05]} 3. e5 {[%clk 0:03:06]} c5 {[%clk 0:03:06]} 4. dxc5
{[%clk 0:03:06]} e6 {[%clk 0:03:04]} 5. a3 {[%clk 0:03:06]} Nd7 {[%clk 0:03:03]}
6. b4 {[%clk 0:02:57]} a5 {[%clk 0:03:03]} 7. Bb2 {[%clk 0:02:54]} Qc7
{[%clk 0:03:00]} 8. Nf3 {[%clk 0:02:46]} Ne7 {[%clk 0:03:00]} 9. Nc3
{[%clk 0:02:45]} Ng6 {[%clk 0:02:51]} 10. Nb5 {[%clk 0:02:44]} Qb8
{[%clk 0:02:43]} 11. Qd4 {[%clk 0:02:26]} axb4 {[%clk 0:02:35]} 12. axb4
{[%clk 0:02:27]} Rxa1+ {[%clk 0:02:35]} 13. Bxa1 {[%clk 0:02:28]} Be7
{[%clk 0:02:26]} 14. Nd6+ {[%clk 0:02:27]} Bxd6 {[%clk 0:02:11]} 15. exd6
{[%clk 0:02:28]} f6 {[%clk 0:02:12]} 16. h4 {[%clk 0:02:25]} Nge5
{[%clk 0:02:10]} 17. h5 {[%clk 0:02:10]} Nxf3+ {[%clk 0:02:01]} 18. gxf3
{[%clk 0:02:11]} Ne5 {[%clk 0:02:02]} 19. Be2 {[%clk 0:02:10]} Nc6
{[%clk 0:01:52]} 20. Bb5 {[%clk 0:02:06]} Bd7 {[%clk 0:01:51]} 21. Bxc6
{[%clk 0:02:07]} Bxc6 {[%clk 0:01:49]} 22. h6 {[%clk 0:02:07]} e5
{[%clk 0:01:44]} 23. Qg4 {[%clk 0:02:08]} Bd7 {[%clk 0:01:07]} 24. Qxg7
{[%clk 0:02:07]} Rf8 {[%clk 0:01:06]} 25. Qe7# {[%clk 0:02:08]} 1-0